00343 2200145 4500245004400000020001800044250001100062100001700073005001900090260004100109041001400150084001000164300001400174336000900188 aMicrosoft Word 2000cKurweni UkarhText a979-20-1023-8 aCet. 2 aKurweni Ukar a20240926084644 aJakartabElex Media Komputindoc1999 aIndonesia a005.5 a188 hlm : atext